| 000 | 01303nam a2200253 a 4500 | ||
|---|---|---|---|
| 001 | 16115699 | ||
| 008 | 211203s2009 ||||||||||||||||| || u | ||
| 010 | _a2010306140 | ||
| 050 | _aHC 915.Z9 Mat | ||
| 100 | _aLiebenthal, Robert | ||
| 245 | 1 | 0 |
_aEquity & development in Zambia. _cBy James Matale ; Robert Liebenthal |
| 246 | _aEquity and development in Zambia | ||
| 260 |
_aNdola _bEconomics Association of Zambia _c2009 |
||
| 300 | _aviii, 112 pages | ||
| 500 | _a"Drafted by James Matale, with the assistance of Robert Liebenthal"--P. viii. Includes bibliographical references. | ||
| 650 | 0 | _aEquality - Zambia | |
| 650 | 0 | _aZAMBIA--ECONOMIC CONDITIONS--1964- | |
| 650 | 0 | _aECONOMIC DEVELOPMENT--ZAMBIA | |
| 700 | _aMatale, James | ||
| 995 |
_aSPECIAL COLLECTIONS _e740199 _FCBU-MAIN LIBRARY (Kitwe) _jHC 915.Z9 Mat _M4 _UAVAILABLE _WDec 3, 2021 _y740199 _ZZambiana Collection |
||
| 995 |
_aSPECIAL COLLECTIONS _e740197 _FCBU-MAIN LIBRARY (Kitwe) _jHC 915.Z9 Mat _M2 _UAVAILABLE _WDec 3, 2021 _y740197 _ZZambiana Collection |
||
| 995 |
_aSPECIAL COLLECTIONS _e740198 _FCBU-MAIN LIBRARY (Kitwe) _jHC 915.Z9 Mat _M3 _UAVAILABLE _WDec 3, 2021 _y740198 _ZZambiana Collection |
||
| 995 |
_aSPECIAL COLLECTIONS _e740196 _FCBU-MAIN LIBRARY (Kitwe) _jHC 915.Z9 Mat _M1 _UAVAILABLE _WDec 3, 2021 _y740196 _ZZambiana Collection |
||
| 999 |
_c62779 _d62779 |
||